000 00444nam a22001697a 4500
005 20240108110949.0
008 220209b ||||| |||| 00| 0 eng d
020 _a978.93-83971-22-0
041 _aeng
082 _a543
100 _aBAGADE, DR. SHASHIKANT B , TAJNE M.R AND GOKHALE S.B
_98278
245 _aADVANCES IN CHROMATOGRAPHY
260 _aPUNE
_bNIRALI PRAKASHAN
300 _aB.1;p
650 _aPHARMACY
_xB.PHARMA
942 _cBK
999 _c7895
_d7893